Contestaciones a los temas de derecho Penitenciario de Ayudantes de Instituciones Penitenciarias / (Record no. 128756)

MARC details
000 -LEADER
campo de control de longitud fija 00748nam a2200193 i 4500
001 - NÚMERO DE CONTROL
campo de control 128756
003 - IDENTIFICADOR DE NÚMERO DE CONTROL
campo de control ES-MaACL
005 - FECHA Y HORA DE LA ÚLTIMA TRANSACCIÓN
campo de control 20230906193344.0
007 - CAMPO FIJO DE DESCRIPCIÓN FÍSICA--INFORMACIÓN GENERAL
campo de control de longitud fija t|
008 - DATOS DE LONGITUD FIJA--INFORMACIÓN GENERAL
campo de control de longitud fija 070524s1982 sp ||||1| spa d
080 ## - NÚMERO DE LA CLASIFICACIÓN DECIMAL UNIVERSAL
Número de la Clasificación Decimal Universal 347.964.3(46)(078)
100 1# - ENTRADA PRINCIPAL--NOMBRE DE PERSONA
Nombre de persona Tavera Benito, Emilio.
9 (RLIN) 109421
245 10 - MENCIÓN DEL TÍTULO
Título Contestaciones a los temas de derecho Penitenciario de Ayudantes de Instituciones Penitenciarias /
Mención de responsabilidad, etc. por Emilio Tavera Benito y Fernando del Río García.
260 ## - PUBLICACIÓN, DISTRIBUCIÓN, ETC.
Lugar de publicación, distribución, etc. [Madrid :
Nombre del editor, distribuidor, etc. s.n.,
Fecha de publicación, distribución, etc. 1982] (
Fabricante Imp. A. Caballero)
300 ## - DESCRIPCIÓN FÍSICA
Extensión 2 v. ;
Dimensiones 24 cm.
610 27 - PUNTO DE ACCESO ADICIONAL DE MATERIA--NOMBRE DE ENTIDAD CORPORATIVA
Nombre de entidad corporativa o nombre de jurisdicción como elemento de entrada Cuerpo de Ayudantes de Instituciones Penitenciarias-
Subdivisión de forma Contestación para oposiciones.
9 (RLIN) 3350
700 1# - ENTRADA AGREGADA--NOMBRE PERSONAL
Nombre de persona Río García, Fernando del.
9 (RLIN) 97322
852 ## - LOCALIZACIÓN
Ubicación ES-MaACL
Número de control de estantería L-3620-1
Sublocalización o colección R.104679
Holdings
Estatus retirado Estado de pérdida Estado de daño No para préstamo Biblioteca de origen Biblioteca actual Ubicación en estantería Fecha de adquisición Fuente de adquisición Total de préstamos Signatura topográfica completa Código de barras Visto por última vez Precio de reemplazo Tipo de ítem Koha
        Biblioteca del Ateneo de Madrid Biblioteca del Ateneo de Madrid Depósito 2 17/01/2008     L-3620-1 1134090 23/02/2023 23/02/2023 Libro impreso